000 00565nam a2200181Ia 4500
999 _c30047
_d30047
003 OSt
005 20201231120452.0
008 190216s9999||||xx |||||||||||||| ||und||
020 _a9788187474793
040 _coclc
082 _a894.8125
_bKUN/A
100 _a Kunhabdulla, Punathil
_96411
245 0 _aArajakavadhiyude Athmabashanangal /
_cPunathil Kunhabdulla ; A K Abdul Hakkim
260 _bOlive Publications,
_c2009.
_aKozhikode:
300 _a112p
650 _aSambashanam
942 _cBK
_2ddc
_h894.8125
_iKUN/A
_k894.8125
_mKUN/A